000 00668nam a2200265Ia 4500
003 OSt
005 20221006150729.0
006 a|||||r|||| 00| 0
007 ta
008 221006b |||||||| |||| 00| 0 eng d
020 _c85.00
024 _a19,609
037 _cTextual
040 _aEASL
_cEASL
_beng
041 _2eng
_aeng
082 _aY:1v42.N7, L3
100 _aVARLEY H Paul
_9648654
245 0 _aJapanese culture
_b A short history
260 _aLondon
_bFaber and Faber
_c1973
300 _a227p.
_ccm.
490 _v JEL
650 _aJEL
942 _hY:1v42.N7, L3
_cTEXL
_2CC
999 _c1087695
_d1087695